[Event "Dundee & Angus Congress Open"]
[Site "?"]
[Date "2011.??.??"]
[Round "2"]
[White "Rocks, Daniel"]
[Black "MacQueen, Calum"]
[Result "1/2-1/2"]
[WhiteElo "2056"]
[BlackElo "2203"]
[PlyCount "96"]

1. c4 Nf6 2. Nc3 g6 3. g3 Bg7 4. Bg2 O-O 5. e4 d6 6. Nge2 c5 7. O-O Nc6 8. d3
a6 9. h3 Rb8 10. a4 Ne8 11. Be3 Nc7 12. f4 Ne6 13. g4 Ned4 14. f5 b5 15. axb5
axb5 16. cxb5 Nxe2+ 17. Qxe2 Nd4 18. Qf2 Nxb5 19. Rac1 Ba6 20. Nd5 Nd4 21. Kh1
Bxd3 22. Rfd1 Ba6 23. g5 Be5 24. f6 exf6 25. gxf6 Re8 26. Bxd4 Bxd4 27. Rxd4
cxd4 28. Qh4 Re5 29. Ne7+ Kh8 30. Bf3 Bb5 31. Rc7 Rh5 32. Bxh5 Qxc7 33. Bxg6
Qc1+ 34. Kh2 Qxb2+ 35. Kh1 Qc1+ 36. Kh2 Qd2+ 37. Kh1 Qd1+ 38. Kh2 Qe2+ 39. Kh1
Qf3+ 40. Kh2 fxg6 41. Nxg6+ Kg8 42. Ne5 Qe2+ 43. Kh1 Rb7 44. f7+ Rxf7 45. Qd8+
Rf8 46. Qg5+ Kh8 47. Ng6+ Kg7 48. Ne5+ Kh8 1/2-1/2

[Event "Dundee & Angus Congress Open"]
[Site "?"]
[Date "2011.??.??"]
[Round "2"]
[White "Kleboe, Jim"]
[Black "Schwartz, Julius"]
[Result "0-1"]
[WhiteElo "1749"]
[BlackElo "1876"]
[PlyCount "60"]

1. e4 c5 2. Ne2 d6 3. g3 g6 4. Bg2 Bg7 5. O-O Nc6 6. Nbc3 e6 7. f4 Nge7 8. a3
O-O 9. Rb1 d5 10. b4 d4 11. Na4 cxb4 12. axb4 b5 13. Nc5 a5 14. bxa5 Rxa5 15.
Nb3 Ra2 16. d3 Qb6 17. Bb2 Rd8 18. Qc1 e5 19. f5 gxf5 20. Qg5 fxe4 21. Rf6 exd3
22. cxd3 Be6 23. Rxe6 fxe6 24. Bh3 Kh8 25. Nd2 Nd5 26. Ne4 Nc3 27. Bxc3 dxc3+
28. Kf1 Rf8+ 29. Ke1 Rxe2+ 30. Kxe2 Nd4+ 0-1

[Event "Dundee & Angus Congress Open"]
[Site "?"]
[Date "2011.??.??"]
[Round "2"]
[White "Burns-Mannion, Stephen"]
[Black "Rutherford, Elaine"]
[Result "1-0"]
[WhiteElo "2308"]
[BlackElo "2120"]
[PlyCount "73"]

1. e4 d5 2. exd5 Qxd5 3. Nc3 Qa5 4. d4 Nf6 5. Nf3 Bf5 6. Bd2 c6 7. Bc4 e6 8.
Nd5 Qd8 9. Nxf6+ Qxf6 10. Qe2 Nd7 11. O-O-O Nb6 12. Bg5 Qg6 13. d5 f6 14. dxc6
Be7 15. cxb7 Rb8 16. Bf4 e5 17. Bb5+ Kf8 18. Be3 Rxb7 19. Nh4 Qg4 20. Nxf5 Qxf5
21. Rd2 Qe6 22. Rhd1 g6 23. Kb1 Kg7 24. Ba6 Rc7 25. f4 Rb8 26. Ka1 Na4 27. c3
Qc6 28. Rc1 Bb4 29. fxe5 fxe5 30. Bg5 Qc5 31. Rdc2 Ba5 32. Rf1 Rxb2 33. Qf3 Qd6
34. Bf6+ Kg8 35. Qa8+ Rc8 36. Qxc8+ Bd8 37. Bc4+ 1-0

[Event "Dundee & Angus Congress Open"]
[Site "?"]
[Date "2011.??.??"]
[Round "2"]
[White "Brechin, Hugh"]
[Black "Grant, Alan"]
[Result "1/2-1/2"]
[WhiteElo "2004"]
[BlackElo "2173"]
[PlyCount "68"]

1. d4 Nf6 2. Bf4 e6 3. e3 c5 4. c3 b6 5. Nf3 Be7 6. h3 Bb7 7. Bd3 Bxf3 8. Qxf3
Nc6 9. Ba6 Nd5 10. Bb7 Nxf4 11. Bxa8 Nd3+ 12. Ke2 Qxa8 13. Kxd3 d5 14. Ke2 O-O
15. Rd1 f5 16. Nd2 a5 17. Kf1 g5 18. Qg3 Kh8 19. Nf3 Qe8 20. c4 dxc4 21. d5
exd5 22. Rxd5 Nb4 23. Rd2 Bf6 24. Rb1 Nxa2 25. Qd6 g4 26. hxg4 fxg4 27. Nh2 Be5
28. Qh6 g3 29. Nf3 Bg7 30. Qh4 gxf2 31. Rbd1 c3 32. bxc3 Nxc3 33. Ng5 Qb5+ 34.
Rd3 h6 1/2-1/2

[Event "Dundee & Angus Congress Open"]
[Site "?"]
[Date "2011.??.??"]
[Round "2"]
[White "Will, Douglas"]
[Black "James, Chris"]
[Result "0-1"]
[WhiteElo "1870"]
[BlackElo "1714"]
[PlyCount "68"]

1. e4 c5 2. Nc3 d6 3. f4 a6 4. g3 Nc6 5. Bg2 e5 6. d3 Nf6 7. Nf3 Be7 8. O-O Bg4
9. h3 Bxf3 10. Qxf3 O-O 11. f5 b5 12. Bg5 Nd7 13. Bxe7 Nxe7 14. g4 f6 15. h4
Nb6 16. g5 Nc6 17. Qg3 Nd4 18. Rf2 b4 19. Nd1 Rc8 20. a4 c4 21. a5 Nd7 22. dxc4
Rxc4 23. Bf1 Rc5 24. Bxa6 Rxa5 25. Rxa5 Qxa5 26. Bc4+ Kh8 27. gxf6 Nxf6 28. Rg2
Qa7 29. Qd3 Nh5 30. Nf2 Nf4 31. Qd1 Nxg2 32. Kxg2 Qc7 33. Bd5 Qxc2 34. Qh5 Ne2
0-1

[Event "Dundee & Angus Congress Open"]
[Site "?"]
[Date "2011.??.??"]
[Round "2"]
[White "McGregor, Lindsay"]
[Black "Payada, Dmitriy"]
[Result "0-1"]
[WhiteElo "1944"]
[BlackElo "1804"]
[PlyCount "54"]

1. d4 Nf6 2. c4 g6 3. Nc3 Bg7 4. e4 d6 5. Nf3 O-O 6. Bg5 h6 7. Bh4 Nbd7 8. Bd3
e5 9. O-O c6 10. Qd2 Qc7 11. h3 Nh5 12. Ne2 f5 13. g4 fxg4 14. hxg4 Rxf3 15.
gxh5 exd4 16. Nf4 Ne5 17. Be2 g5 18. Ng6 Rh3 19. Bg3 Qf7 20. c5 Nf3+ 21. Bxf3
Qxf3 22. Bh2 Rxh2 23. Ne7+ Kf7 24. Kxh2 Be5+ 25. Kg1 Qg4+ 26. Kh1 Qh3+ 27. Kg1
Qh2# 0-1

[Event "Dundee & Angus Congress Open"]
[Site "?"]
[Date "2011.??.??"]
[Round "2"]
[White "Findlay, David"]
[Black "Harrold, Bruce"]
[Result "1-0"]
[WhiteElo "2167"]
[BlackElo "1823"]
[PlyCount "61"]

1. e4 c5 2. Nf3 e6 3. d4 cxd4 4. Nxd4 Nc6 5. Nc3 a6 6. Be3 Nge7 7. Nb3 b5 8.
Bd3 Ng6 9. f4 Bb4 10. O-O Bb7 11. Rf3 d6 12. a4 Bxc3 13. bxc3 bxa4 14. Rxa4 Qd7
15. Ra1 a5 16. Rh3 a4 17. Nd2 f6 18. Nc4 Qe7 19. e5 Ngxe5 20. fxe5 Nxe5 21.
Nxe5 fxe5 22. Rxa4 Rxa4 23. Bb5+ Kd8 24. Bxa4 Qc7 25. Qg4 Bd5 26. Bb3 Qb7 27.
c4 Be4 28. Qxe6 Qc6 29. c5 Bxg2 30. cxd6 Bxh3 31. Bg5# 1-0

[Event "Dundee & Angus Congress Open"]
[Site "?"]
[Date "2011.??.??"]
[Round "2"]
[White "Hogg, Steve"]
[Black "Tsang, Sai Kong"]
[Result "1-0"]
[WhiteElo "2010"]
[BlackElo "1823"]
[PlyCount "55"]

1. d4 Nf6 2. c4 g6 3. Nf3 Bg7 4. Nc3 d5 5. e3 Bf5 6. Qb3 dxc4 7. Bxc4 O-O 8.
Ne5 e6 9. f3 g5 10. Qxb7 Nfd7 11. Qxa8 Nb6 12. Qxa7 Bxe5 13. Bb5 Bf6 14. O-O g4
15. Ne4 Be7 16. Nf2 gxf3 17. gxf3 Bd6 18. f4 Kh8 19. Qb7 Rg8+ 20. Kh1 Qh4 21.
Qf3 Nd5 22. Bd2 Nf6 23. Rg1 Ng4 24. Nxg4 Bxg4 25. Rxg4 Qxg4 26. Qxg4 Rxg4 27.
Rg1 Rh4 28. Be8 1-0

[Event "Dundee & Angus Congress Open"]
[Site "?"]
[Date "2011.??.??"]
[Round "2"]
[White "Romilly, Peter"]
[Black "Borwell, Alan"]
[Result "1/2-1/2"]
[WhiteElo "2185"]
[BlackElo "2043"]
[PlyCount "46"]

1. d4 Nf6 2. c4 e6 3. Nc3 Bb4 4. Bg5 c5 5. d5 d6 6. e3 Bxc3+ 7. bxc3 e5 8. Bd3
Qa5 9. Qc2 Nbd7 10. Ne2 h6 11. Bh4 O-O 12. O-O Re8 13. f3 e4 14. Bxe4 Nxe4 15.
fxe4 Ne5 16. Bg3 Bg4 17. Bxe5 Bxe2 18. Bxd6 Bxf1 19. Rxf1 f6 20. Rf5 Rad8 21.
Bf4 Qa6 22. d6 Qxc4 23. e5 fxe5 1/2-1/2

[Event "Dundee & Angus Congress Open"]
[Site "?"]
[Date "2011.??.??"]
[Round "2"]
[White "McBride, John"]
[Black "Pyrich, George"]
[Result "1/2-1/2"]
[WhiteElo "1752"]
[BlackElo "1908"]
[PlyCount "50"]

1. d4 Nf6 2. Nf3 g6 3. c4 Bg7 4. Nc3 O-O 5. e4 d6 6. h3 e5 7. d5 a5 8. g4 Na6
9. Be2 Nc5 10. Qc2 Ne8 11. g5 f5 12. gxf6 Nxf6 13. Bg5 Qe8 14. O-O-O Nh5 15.
Be3 b6 16. Rh2 Bd7 17. Ng5 Nf4 18. h4 Qe7 19. Rg1 Bh6 20. Bf1 Kh8 21. Kb1 a4
22. Rg3 Nh5 23. Rg1 Nf4 24. Rg3 Nh5 25. Rg1 Nf4 1/2-1/2

[Event "Dundee & Angus Congress Open"]
[Site "?"]
[Date "2011.??.??"]
[Round "2"]
[White "Roy, Kiron"]
[Black "McLean, Ian"]
[Result "0-1"]
[WhiteElo "1424"]
[BlackElo "1849"]
[PlyCount "60"]

1. e4 c5 2. Nf3 e6 3. d4 cxd4 4. Nxd4 a6 5. Be3 Qc7 6. Nd2 Nf6 7. Bd3 Be7 8. f4
d6 9. O-O O-O 10. f5 e5 11. N4b3 d5 12. exd5 Nxd5 13. Qf3 Nxe3 14. Qxe3 Nd7 15.
Qg3 f6 16. Rf3 Nc5 17. Nxc5 Bxc5+ 18. Kh1 b5 19. Qg4 Bb7 20. Rh3 Rad8 21. a4
Rd4 22. Qh5 h6 23. Qg6 Kh8 24. Nb3 Rd7 25. axb5 e4 26. bxa6 exd3 27. axb7 dxc2
28. Qh5 Rfd8 29. Re3 Bxe3 30. g3 Qxb7+ 0-1

[Event "Dundee & Angus Congress Open"]
[Site "?"]
[Date "2011.10.15"]
[Round "2"]
[White "McGowan, Daniel"]
[Black "Roberts, Paul"]
[Result "1/2-1/2"]
[WhiteElo "2088"]
[BlackElo "2276"]
[PlyCount "32"]

1. e4 Nc6 2. Nf3 d6 3. d4 Nf6 4. Nc3 g6 5. h3 Bg7 6. Be3 O-O 7. Qd2 e5 8. dxe5
dxe5 9. O-O-O Qxd2+ 10. Rxd2 a6 11. Bc4 h6 12. Rhd1 b6 13. Ng1 Bb7 14. f3 Rfd8
15. Nge2 Rxd2 16. Rxd2 Rd8 1/2-1/2

[Event "Dundee & Angus Congress Open"]
[Site "?"]
[Date "2011.??.??"]
[Round "2"]
[White "Egbaiyelo, Ade"]
[Black "Bhopal, Raj"]
[Result "1-0"]
[WhiteElo "1918"]
[BlackElo "1808"]
[PlyCount "105"]

1. c4 g6 2. g3 Bg7 3. Bg2 f5 4. Nc3 e5 5. d3 Nf6 6. e4 d6 7. exf5 gxf5 8. Nge2
c6 9. Bg5 Nbd7 10. Qd2 h6 11. Bh4 Qb6 12. O-O Nf8 13. d4 Qc7 14. Rae1 Be6 15.
c5 O-O-O 16. Bxf6 Bxf6 17. cxd6 Rxd6 18. Nb5 cxb5 19. Rc1 Bc4 20. b3 exd4 21.
bxc4 bxc4 22. Rxc4 Qxc4 23. Rc1 Qxc1+ 24. Nxc1 Nd7 25. Qc2+ Kb8 26. Qxf5 Rc8
27. Nd3 Rc7 28. Bf3 Rb6 29. Kg2 a6 30. Qf4 Bg7 31. Bg4 Nf8 32. Qe4 Ka7 33. Nf4
Rb2 34. a3 Rf7 35. Nd3 Rb5 36. a4 Rb6 37. Bf3 Ne6 38. h4 Nd8 39. Qd5 Ne6 40. a5
Rc6 41. Nb4 Rc3 42. Bg4 Nf4+ 43. gxf4 Rxf4 44. f3 Bf8 45. Qe5 Rxg4+ 46. fxg4
Bxb4 47. Qxd4+ Rc5 48. Qxb4 Rb5 49. Qd4+ b6 50. axb6+ Rxb6 51. g5 a5 52. gxh6
Ka6 53. Qxb6+ 1-0

[Event "Dundee & Angus Congress Open"]
[Site "?"]
[Date "2011.??.??"]
[Round "3"]
[White "Grant, Alan"]
[Black "Robertson, David"]
[Result "1/2-1/2"]
[WhiteElo "2173"]
[BlackElo "2053"]
[PlyCount "104"]

1. Nf3 Nf6 2. c4 g6 3. Nc3 Bg7 4. e4 d6 5. d4 O-O 6. Be2 e5 7. O-O Nc6 8. d5
Ne7 9. Bg5 h6 10. Bxf6 Bxf6 11. b4 Bg4 12. Nd2 Bxe2 13. Qxe2 a5 14. a3 c6 15.
Rab1 axb4 16. axb4 Ra3 17. Rb3 Qa8 18. Rfb1 Bg5 19. c5 Nc8 20. Nc4 Rxb3 21.
Rxb3 Qa1+ 22. Qf1 Qxf1+ 23. Kxf1 Be7 24. cxd6 Bxd6 25. Na5 cxd5 26. Nxd5 b6 27.
Nc6 f5 28. exf5 gxf5 29. Ra3 Kf7 30. Ra6 Ke6 31. Nxb6 Nxb6 32. Rxb6 Kd5 33. Na5
Rb8 34. Nc4 Rxb6 35. Nxb6+ Kd4 36. b5 Kc5 37. Nd7+ Kxb5 38. Nf6 Kc5 39. Nh5 Kd5
40. Ng7 Ke4 41. Ke2 f4 42. f3+ Kd5 43. Kd3 Bc5 44. g4 fxg3 45. hxg3 Bf2 46. Nh5
Be1 47. Ke3 Bb4 48. g4 Be7 49. Ng3 Bg5+ 50. Kd3 Bc1 51. Ne2 Bb2 52. Ke3 Bd4+
1/2-1/2

[Event "Dundee & Angus Congress Open"]
[Site "?"]
[Date "2011.??.??"]
[Round "3"]
[White "Roberts, Paul"]
[Black "Brechin, Hugh"]
[Result "1-0"]
[WhiteElo "2276"]
[BlackElo "2045"]
[PlyCount "81"]

1. f4 c5 2. Nf3 Nc6 3. e4 d6 4. Bb5 Bd7 5. O-O g6 6. Nc3 Bg7 7. d3 e6 8. f5 Nf6
9. Bc4 O-O 10. fxg6 fxg6 11. Qe1 Nd4 12. Bb3 a5 13. a4 Nxb3 14. cxb3 Qb6 15.
Kh1 Qxb3 16. e5 Nd5 17. Ne4 Qxd3 18. exd6 b6 19. Bg5 Bxb2 20. Rd1 Qc4 21. Be7
Rf5 22. Rf2 Bg7 23. Ng3 Rf4 24. Bg5 Rff8 25. Be7 Rfe8 26. Bg5 Qxa4 27. Ne4 Qb4
28. Bd2 Qc4 29. Nfg5 Rf8 30. Re2 h6 31. Nf3 a4 32. Rc1 Qa6 33. Ng3 Rae8 34. Ne5
Bb5 35. Re4 Kh7 36. Rh4 Rf5 37. Nxf5 exf5 38. Bxh6 Kg8 39. d7 Bxd7 40. Bxg7
Kxg7 41. Qg3 1-0

[Event "Dundee & Angus Congress Open"]
[Site "?"]
[Date "2011.??.??"]
[Round "3"]
[White "Roy, Bappa"]
[Black "Hogg, Steve"]
[Result "0-1"]
[WhiteElo "1758"]
[BlackElo "2010"]
[PlyCount "86"]

1. e4 d5 2. d4 dxe4 3. Nc3 Nf6 4. f3 exf3 5. Nxf3 Bg4 6. h3 Bxf3 7. Qxf3 c6 8.
Be3 e6 9. Bd3 Nbd7 10. O-O Be7 11. Rae1 O-O 12. Ne2 c5 13. c3 Qb6 14. b3 Nd5
15. c4 Nxe3 16. Qxe3 cxd4 17. Qg3 Rac8 18. Kh1 f5 19. Nf4 Rc6 20. Nd5 Bd6 21.
Nxb6 Bxg3 22. Nxd7 Rd8 23. Ne5 Rc5 24. Nf3 Bxe1 25. Rxe1 Kf7 26. b4 Rc7 27. h4
h6 28. c5 Kf6 29. Nd2 g5 30. hxg5+ hxg5 31. Nc4 g4 32. Kh2 Rg7 33. Ne5 Rd5 34.
Nc4 e5 35. Nd6 e4 36. Bc4 Re5 37. Nb5 d3 38. Nc3 Rd7 39. Kg3 Kg5 40. Kf2 Rd4
41. Bb3 Rxb4 42. g3 Rxc5 43. Nd5 Rxb3 0-1

[Event "Dundee & Angus Congress Open"]
[Site "?"]
[Date "2011.??.??"]
[Round "3"]
[White "Schwartz, Julius"]
[Black "Romilly, Peter"]
[Result "1/2-1/2"]
[WhiteElo "1876"]
[BlackElo "2185"]
[PlyCount "79"]

1. e4 e5 2. Nf3 Nc6 3. Bb5 Nf6 4. O-O Bc5 5. c3 O-O 6. Re1 d6 7. h3 h6 8. d3 a6
9. Ba4 Ba7 10. Nbd2 Ne7 11. Nf1 Ng6 12. Ng3 c6 13. d4 Qc7 14. Bc2 Re8 15. Be3
Bd7 16. Qd2 Kh7 17. Nf5 Bxf5 18. exf5 Nf8 19. dxe5 Bxe3 20. Qxe3 dxe5 21. Nxe5
N8d7 22. f4 Re7 23. Qg3 Rae8 24. Nxf7 Rxe1+ 25. Rxe1 Rxe1+ 26. Qxe1 Qxf4 27.
Nd8 c5 28. Ne6 Qd6 29. g4 Ne5 30. Qg3 Qd5 31. g5 Nf3+ 32. Kf2 Nxg5 33. Nxg5+
hxg5 34. Qxg5 c4 35. Qh4+ Kg8 36. Qd4 Qc6 37. b3 b5 38. Bd1 Qh1 39. Bf3 Qxh3
40. Qf4 1/2-1/2

[Event "Dundee & Angus Congress Open"]
[Site "?"]
[Date "2011.??.??"]
[Round "3"]
[White "Bremner, Adam"]
[Black "Baxter, Harry"]
[Result "1-0"]
[WhiteElo "2068"]
[BlackElo "1846"]
[PlyCount "105"]

1. c4 Nf6 2. g3 g6 3. Bg2 d5 4. cxd5 Nxd5 5. Nc3 c6 6. d4 Bg7 7. e4 Nb6 8. Be3
Nc4 9. Qb3 Nxe3 10. fxe3 Qb6 11. Qxb6 axb6 12. Nf3 Bh6 13. Kf2 Nd7 14. e5 Nf8
15. h3 Bd7 16. Bf1 Ne6 17. Bc4 Rf8 18. e4 f5 19. exf5 Rxf5 20. Kg2 Nc7 21. a3
Be6 22. Bxe6 Nxe6 23. d5 Ng5 24. Nd4 Rxe5 25. dxc6 O-O-O 26. Rhd1 Nf7 27. Ncb5
Nd6 28. a4 Be3 29. Na7+ Kc7 30. Ndb5+ Rxb5 31. Nxb5+ Kxc6 32. Kf3 Bc5 33. Nxd6
exd6 34. Rac1 Rf8+ 35. Kg4 Kd7 36. Rf1 h5+ 37. Kh4 Re8 38. Rce1 Rxe1 39. Rxe1
Bd4 40. Kg5 Bxb2 41. Kxg6 h4 42. gxh4 d5 43. h5 Kc6 44. h6 Kc5 45. h7 Kc4 46.
Rb1 Be5 47. Rxb6 d4 48. Rf6 Bxf6 49. Kxf6 d3 50. h8=R b5 51. axb5 Kxb5 52. Rd8
Kc4 53. h4 1-0

[Event "Dundee & Angus Congress Open"]
[Site "?"]
[Date "2011.??.??"]
[Round "3"]
[White "James, Chris"]
[Black "Rocks, Daniel"]
[Result "0-1"]
[WhiteElo "1714"]
[BlackElo "2056"]
[PlyCount "100"]

1. e4 c5 2. Nf3 g6 3. d4 cxd4 4. Nxd4 Nc6 5. Nc3 Bg7 6. Be3 Nf6 7. f3 O-O 8.
Qd2 d5 9. O-O-O dxe4 10. Nxc6 Qxd2+ 11. Rxd2 bxc6 12. Nxe4 Nxe4 13. fxe4 Rb8
14. c3 Be6 15. Be2 Bxa2 16. b4 Be6 17. Kc2 a5 18. Bc5 Bf6 19. Rb1 axb4 20. Bxb4
c5 21. Bxc5 Rxb1 22. Kxb1 Bxc3 23. Rc2 Bf6 24. Bc4 Ra8 25. Kc1 Bxc4 26. Rxc4
Rc8 27. Kd2 Be5 28. Kd3 Bd6 29. Bxd6 Rd8 30. e5 exd6 31. Rd4 d5 32. Rb4 Ra8 33.
Rb2 Ra4 34. g3 Re4 35. Rb8+ Kg7 36. Re8 h5 37. h3 g5 38. Rd8 Rxe5 39. Kd4 Re1
40. Rxd5 Rd1+ 41. Ke4 Rxd5 42. Kxd5 f5 43. Kd4 Kf6 44. Ke3 Ke5 45. Kf3 f4 46.
Kf2 Ke4 47. gxf4 gxf4 48. Ke2 f3+ 49. Ke1 Kf4 50. h4 Kg3 0-1

[Event "Dundee & Angus Congress Open"]
[Site "?"]
[Date "2011.??.??"]
[Round "3"]
[White "Harrold, Bruce"]
[Black "MacDonald, Paul"]
[Result "1/2-1/2"]
[WhiteElo "1823"]
[BlackElo "1414"]
[PlyCount "74"]

1. e4 c5 2. Nc3 Nc6 3. f4 e6 4. a3 d5 5. e5 Nge7 6. Nf3 Nf5 7. Bb5 a6 8. Bxc6+
bxc6 9. O-O Be7 10. d3 a5 11. Qe2 Ba6 12. Qf2 h5 13. Bd2 Qc7 14. Na4 c4 15.
dxc4 Bxc4 16. Rfe1 c5 17. b3 Bb5 18. Nc3 Bc6 19. Kh1 O-O 20. Ne2 a4 21. Ng3
Nxg3+ 22. Qxg3 Rfb8 23. Nh4 Qd8 24. Ng6 fxg6 25. Qxg6 Bd7 26. Re3 Qe8 27. Qd3
axb3 28. cxb3 Bb5 29. Qc2 Qf7 30. Rh3 h4 31. g4 hxg3 32. Qh7+ Kf8 33. Rxg3 d4
34. h3 Bc6+ 35. Kh2 Qg8 36. Qh5 Qf7 37. Qh7 Qg8 1/2-1/2

[Event "Dundee & Angus Congress Open"]
[Site "?"]
[Date "2011.??.??"]
[Round "3"]
[White "Pyrich, George"]
[Black "Findlay, David"]
[Result "0-1"]
[WhiteElo "1908"]
[BlackElo "2167"]
[PlyCount "66"]

1. d4 Nf6 2. c4 g6 3. Nc3 Bg7 4. Nf3 O-O 5. Bg5 c5 6. d5 d6 7. e4 a6 8. a4 Qa5
9. Nd2 e5 10. Be2 Nbd7 11. g4 h6 12. Be3 Ne8 13. Rg1 Qd8 14. g5 hxg5 15. Bxg5
Bf6 16. Nf3 Ng7 17. Bxf6 Nxf6 18. Ng5 Rb8 19. Ra3 Bd7 20. h4 Re8 21. Qd2 Qe7
22. Nxf7 Qxf7 23. Qh6 Re7 24. Rxg6 Rf8 25. Qg5 Be8 26. h5 Nfxh5 27. Bxh5 Qxf2+
28. Kd1 Bxg6 29. Qxg6 Rf6 30. Qg5 Qf4 31. Qg2 Qf1+ 32. Qxf1 Rxf1+ 33. Ke2 Rh1
0-1

[Event "Dundee & Angus Congress Open"]
[Site "?"]
[Date "2011.??.??"]
[Round "3"]
[White "Marks, Ian"]
[Black "Spencer, Ed"]
[Result "1-0"]
[WhiteElo "1884"]
[BlackElo "2046"]
[PlyCount "97"]

1. d4 f5 2. Nc3 d5 3. Bf4 c6 4. e3 Nf6 5. Nf3 e6 6. a3 Be7 7. Be2 O-O 8. O-O
Nbd7 9. Ne5 Ne4 10. Nxe4 fxe4 11. c4 Bf6 12. Nxd7 Bxd7 13. f3 exf3 14. Rxf3 Be8
15. Rh3 Bg6 16. Bd3 Bxd3 17. Qxd3 g6 18. Rf1 Bg7 19. Rhf3 Qb6 20. c5 Qd8 21.
Bd6 Rxf3 22. Rxf3 Qg5 23. Qb3 b5 24. cxb6 axb6 25. Qxb6 Qd8 26. Qb7 Qe8 27. Rf7
Bh6 28. Be5 Bxe3+ 29. Kh1 Qxf7 30. Qxa8+ Qf8 31. Qxf8+ Kxf8 32. Bd6+ Ke8 33.
Bc5 e5 34. b4 Bxd4 35. Bxd4 exd4 36. Kg1 Kd7 37. Kf2 Kc7 38. Ke2 Kb6 39. a4 c5
40. bxc5+ Kxc5 41. Kd3 h6 42. h4 g5 43. hxg5 hxg5 44. g4 Kb4 45. Kxd4 Kxa4 46.
Kxd5 Kb5 47. Ke6 Kc6 48. Kf6 Kd6 49. Kxg5 1-0

[Event "Dundee & Angus Congress Open"]
[Site "?"]
[Date "2011.??.??"]
[Round "3"]
[White "Bhopal, Raj"]
[Black "Newton, Andrew"]
[Result "0-1"]
[WhiteElo "1808"]
[BlackElo "1724"]
[PlyCount "108"]

1. d4 g6 2. Nf3 Bg7 3. Bf4 Nf6 4. e3 O-O 5. Be2 d6 6. h3 c5 7. c3 Be6 8. O-O
Nc6 9. Nbd2 cxd4 10. exd4 Rc8 11. Re1 Re8 12. Ng5 Bd5 13. c4 Nxd4 14. cxd5 Nc2
15. Bf3 Nxa1 16. Qxa1 h6 17. Nge4 Nxd5 18. Be3 Nxe3 19. Rxe3 Rc2 20. Qd1 Rxb2
21. Qa4 Kf8 22. Qxa7 Qa8 23. Qxa8 Rxa8 24. Rb3 Raxa2 25. Rxb2 Rxb2 26. Nf1 f5
27. Ned2 b5 28. Bd5 g5 29. g3 Bc3 30. Nb3 e5 31. Ne3 f4 32. gxf4 exf4 33. Nf5
Be5 34. f3 h5 35. Be6 Ke8 36. Kh1 Kd8 37. Nh6 Ke7 38. Bd5 Bg7 39. Nf5+ Kf6 40.
Nxg7 Kxg7 41. Na5 Kf6 42. Nc6 Rd2 43. Bb3 Rd3 44. Bg8 Rxf3 45. Nd4 Rxh3+ 46.
Kg2 Rg3+ 47. Kf2 b4 48. Ne2 Re3 49. Nd4 g4 50. Nc2 Rf3+ 51. Kg2 b3 52. Nd4 b2
53. Ba2 Rd3 54. Nb3 Rxb3 0-1

[Event "Dundee & Angus Congress Open"]
[Site "?"]
[Date "2011.??.??"]
[Round "3"]
[White "Tsang, Sai Kong"]
[Black "McGregor, Lindsay"]
[Result "1-0"]
[WhiteElo "1823"]
[BlackElo "1804"]
[PlyCount "62"]

1. Nf3 d5 2. d4 Nf6 3. g3 Bg4 4. Bg2 Nbd7 5. O-O c5 6. Bf4 Qb6 7. dxc5 Qxb2 8.
Nbd2 Nxc5 9. Be5 Qb5 10. Nd4 Qd7 11. Rb1 a6 12. c4 e6 13. N2b3 Nce4 14. Qc2 Bd6
15. Bxf6 Nxf6 16. Na5 b5 17. cxb5 axb5 18. Rxb5 O-O 19. Nb7 Rfc8 20. Qb3 Be7
21. f3 Bh5 22. Bh3 Rc4 23. Rd1 Rac8 24. Rb6 Qc7 25. Kg2 Rb8 26. Rb5 Rc3 27. Qb2
Ba3 28. Qd2 Qc4 29. Na5 Rxb5 30. Nxc4 Rb2 31. Qxc3 dxc4 1-0

[Event "Dundee & Angus Congress Open"]
[Site "?"]
[Date "2011.10.15"]
[Round "3"]
[White "Giulian, Rosie"]
[Black "McDonald, Ian"]
[Result "0-1"]
[WhiteElo "1764"]
[BlackElo "1988"]
[PlyCount "72"]

1. e4 e5 2. Nf3 Nc6 3. Bb5 Nf6 4. d4 exd4 5. O-O Be7 6. Re1 O-O 7. e5 Nd5 8.
Bxc6 dxc6 9. Qxd4 Bf5 10. c3 Re8 11. Qd1 c5 12. Nbd2 Nf4 13. Qa4 Nd3 14. Rd1 c6
15. b3 b5 16. Qa3 c4 17. Qa6 Bc5 18. Rf1 Qc7 19. Nd4 Bxd4 20. cxd4 Nb4 21. Qa3
Nc2 22. Qb2 Nxa1 23. Qxa1 Bd3 24. Re1 Qa5 25. bxc4 bxc4 26. Re3 Rab8 27. h3 Qa4
28. Kh2 Qc2 29. Rg3 Re6 30. Rf3 a5 31. Rg3 c3 32. Nb3 a4 33. Rf3 axb3 34. axb3
Rf8 35. Bf4 Be4 36. Rg3 Rg6 0-1

[Event "Dundee & Angus Congress Open"]
[Site "?"]
[Date "2011.10.15"]
[Round "3"]
[White "Doyle, Jim"]
[Black "Egbaiyelo, Ade"]
[Result "1-0"]
[WhiteElo "1908"]
[BlackElo "1918"]
[PlyCount "53"]

1. d4 Nf6 2. c4 e6 3. Nc3 Bb4 4. e3 b6 5. Bd3 Bb7 6. Nge2 c5 7. O-O cxd4 8.
exd4 O-O 9. Ng3 Be7 10. f4 d5 11. f5 dxc4 12. Bxc4 exf5 13. Nxf5 Nc6 14. Bg5 h6
15. Nxe7+ Nxe7 16. Bxf6 gxf6 17. Rxf6 Kg7 18. Rf2 Ng6 19. d5 Qh4 20. Bb3 Rad8
21. Qd2 f6 22. Raf1 Ba6 23. Re1 Ne5 24. Rf4 Qh5 25. Re3 Ng6 26. Rg3 Bc8 27. Bc2
1-0

[Event "Dundee & Angus Congress Open"]
[Site "?"]
[Date "2011.10.15"]
[Round "3"]
[White "Payada, Dmitriy"]
[Black "McBride, John"]
[Result "1-0"]
[WhiteElo "1944"]
[BlackElo "1752"]
[PlyCount "67"]

1. e4 e6 2. d4 d5 3. Nc3 dxe4 4. Nxe4 Bd7 5. Nf3 Bc6 6. Bd3 Nd7 7. Qe2 Ngf6 8.
Ng3 Bd6 9. Bd2 Bxf3 10. Qxf3 c6 11. O-O Qc7 12. Rfe1 O-O 13. c3 Rfe8 14. Re2
Nf8 15. Rae1 Ng6 16. Bb1 Bf4 17. Bxg6 Bxd2 18. Bxf7+ Qxf7 19. Rxd2 Rad8 20.
Rde2 Rd5 21. Re5 Rd6 22. Qe2 Kf8 23. h3 g6 24. Ne4 Nxe4 25. Qxe4 Qd7 26. Re3
Re7 27. Qh4 Kg7 28. Qg4 Qe8 29. h4 h5 30. Rxh5 Rd5 31. Rhe5 Rxe5 32. Rxe5 Kf8
33. h5 Kg7 34. hxg6 1-0

[Event "Dundee & Angus Congress Open"]
[Site "?"]
[Date "2011.10.15"]
[Round "3"]
[White "MacQueen, Calum"]
[Black "Borwell, Alan"]
[Result "1-0"]
[WhiteElo "2203"]
[BlackElo "2043"]
[PlyCount "53"]

1. d4 Nf6 2. Nf3 e6 3. c4 b6 4. g3 Bb7 5. Bg2 Bb4+ 6. Bd2 a5 7. O-O O-O 8. Bf4
Be7 9. Nc3 d6 10. Qc2 Nbd7 11. e4 Nh5 12. Be3 f5 13. exf5 exf5 14. d5 f4 15.
Bd2 Nc5 16. Nd4 Bf6 17. Nc6 Qd7 18. Ne4 Bxc6 19. dxc6 Qf5 20. Nxf6+ Qxf6 21.
Bf3 fxg3 22. Bd5+ Kh8 23. hxg3 Rae8 24. Bc3 Qg5 25. Rae1 Rxe1 26. Rxe1 Nxg3 27.
fxg3 1-0

[Event "Dundee & Angus Congress Open"]
[Site "?"]
[Date "2011.10.15"]
[Round "3"]
[White "McLean, Ian"]
[Black "McGowan, Daniel"]
[Result "0-1"]
[WhiteElo "1849"]
[BlackElo "2088"]
[PlyCount "64"]

1. c4 e6 2. g3 d5 3. Bg2 Nf6 4. Nf3 Be7 5. O-O O-O 6. b3 b6 7. Bb2 Bb7 8. d4
Nbd7 9. Nbd2 c5 10. e3 Rc8 11. Rc1 Qc7 12. Re1 Rfd8 13. Qc2 Qb8 14. Qb1 a6 15.
Ne5 dxc4 16. Ndxc4 Bxg2 17. Kxg2 Qb7+ 18. Kg1 Nxe5 19. Nxe5 Bd6 20. dxc5 bxc5
21. Nc4 Ne4 22. Red1 Be7 23. Rxd8+ Rxd8 24. Rd1 Rxd1+ 25. Qxd1 Ng5 26. Qh5 Qe4
27. f4 Qb1+ 28. Kg2 Qc2+ 29. Kg1 g6 30. Qh6 Nf3+ 31. Kh1 Qd1+ 32. Kg2 Qe2+ 0-1

[Event "Dundee & Angus Congress Open"]
[Site "?"]
[Date "2011.10.15"]
[Round "3"]
[White "Berry, Neil"]
[Black "Wiltshire, Richard"]
[Result "1-0"]
[WhiteElo "2314"]
[BlackElo "1902"]
[PlyCount "83"]

1. d4 Nf6 2. c4 e5 3. dxe5 Ng4 4. Bf4 Nc6 5. Nf3 Bb4+ 6. Nbd2 Qe7 7. e3 Ngxe5
8. Nxe5 Nxe5 9. Be2 O-O 10. O-O d6 11. a3 Bxd2 12. Qxd2 Be6 13. c5 Rfd8 14.
cxd6 cxd6 15. Rac1 Ng6 16. Bg3 d5 17. Rc7 Rd7 18. Rfc1 Rad8 19. Bb5 Rxc7 20.
Rxc7 Qf6 21. Rxb7 a6 22. Be2 Bc8 23. Rc7 Ne7 24. Rc3 Nf5 25. Bc7 d4 26. Bxd8
dxc3 27. Bxf6 cxd2 28. Bc3 Kf8 29. Bxd2 Ke7 30. f3 Kd6 31. g4 Ne7 32. Bb4+ Kd7
33. Bxe7 Kxe7 34. b4 Kd6 35. Kf2 Kd5 36. Ke1 g5 37. Kd2 h6 38. Kc3 f6 39. Bd3
Kc6 40. Bf5 Kc7 41. Bxc8 Kxc8 42. Kd4 1-0